000 00463nam a2200097Ia 4500
008 180130s9999 xx 000 0 und d
245 _cSingh, Rajinder; Singh, Parvinder; Duhan, Manoj
_aAn effective implementation of security based algorithmic approach in mobile adhoc networks
260 _c2016
300 _aBook title: Human-computer interaction : design, developments and applications--Acession number C20741; pages 64-77
650 _aHUMAN-COMPUTER INTERACTION
999 _c354372
_d354372